| 000 | 00492nam a2200157Ia 4500 | ||
|---|---|---|---|
| 008 | 220216s9999 xx 000 0 und d | ||
| 100 | _aChetelat R T | ||
| 245 | 0 | _aIntrogression into tomato (Lycopersicon esculentum) of the L. chmielewskii sucrose accumulator gene (sucr) controlling fruit sugar composition | |
| 260 |
_bTheoretical and Applied Genetics _c1995 |
||
| 300 | _a327-333 | ||
| 650 | _aPCR | ||
| 650 | _aRFLPs | ||
| 700 | _aBennett A B | ||
| 700 | _aDeVerna J W | ||
| 942 | _cJS | ||
| 999 |
_c61609 _d61609 |
||